[Event "10th Istanbul Open A"]
[Site "Istanbul TUR"]
[Date "2011.09.16"]
[Round "6"]
[White "Erdogdu,M"]
[Black "Agaoglu,Aydin"]
[Result "1-0"]
[WhiteElo "2431"]
[BlackElo "1936"]

1.e4 c5 2.Nf3 d6 3.d4 cxd4 4.Nxd4 Nf6 5.Nc3 a6 6.Be3 e5 7.Nb3 Be6 8.f3 h5
9.Qd2 Nbd7 10.O-O-O Be7 11.Kb1 b5 12.h3 h4 13.Bd3 Nb6 14.Qf2 Nc4 15.Bxc4 bxc4
16.Nc5 Qc7 17.N5a4 Nd7 18.Nd5 Bxd5 19.Rxd5 O-O 20.Nb6 Nf6 21.Nxa8 Rxa8 22.Rdd1 Rb8
23.c3 Qa5 24.Ka1 d5 25.Qc2 Qb5 26.Bf2 dxe4 27.Bxh4 e3 28.Rhe1 Bc5 29.Bg5 Nd7
30.Bxe3 Bxe3 31.Rxe3 Nc5 32.Rxe5 Nb3+ 33.Qxb3 Qxe5 34.Qxc4 a5 35.Qd5 Qe2
36.Qd2 Qb5 37.Re1 a4 38.a3 Qc5 39.Qd4 Qa5 40.h4 Kh8 41.Re5 Qc7 42.Rg5  1-0

[Event "Pushchino Autumn"]
[Site "Pushchino RUS"]
[Date "2011.09.16"]
[Round "7"]
[White "Doluhanova,E"]
[Black "Romanko,M"]
[Result "0-1"]
[WhiteElo "2250"]
[BlackElo "2409"]

1.e4 c5 2.Nf3 d6 3.d4 cxd4 4.Nxd4 Nf6 5.Nc3 a6 6.Be3 e5 7.Nf3 Be7 8.Bc4 O-O
9.O-O Qc7 10.Qe2 Be6 11.Bxe6 fxe6 12.Ng5 Qd7 13.Qc4 d5 14.Qb3 h6 15.Nf3 Nc6
16.exd5 exd5 17.Rad1 Rad8 18.Bb6 e4 19.Bxd8 Rxd8 20.Nd4 Ne5 21.Nce2 Kh7 22.Nf4 Rc8
23.Rfe1 Bc5 24.Nfe6 Ba7 25.h3 Nc4 26.Nf4 Bb8 27.Nfe2 b5 28.Ng3 Rf8 29.Nde2 Ba7
30.Rf1 Kh8 31.Qb4 Rc8 32.Nf4 Bc5 33.Qe1 Nxb2 34.Nxe4 Nxe4 35.Qxe4 Nxd1 36.Rxd1 dxe4
37.Rxd7 e3 38.Kf1 exf2 39.Nd3 Be3 40.Re7 Bd4 41.Re4 Bf6 42.Re2 Rc3 43.Kxf2 Ra3
44.Nb4 a5 45.Nd5 Bd4+ 46.Ke1 Rxa2 47.Kd2 b4 48.Kd3 Ba1 49.Re1 Kh7 50.Rf1 Be5
51.Re1 Bg3 52.Re6 b3 53.cxb3 Rxg2 54.Ra6 Be1 55.Nf4 Rg3+ 56.Kc4 Bd2 57.Ne6 Rxh3
58.Ra8 Rc3+ 59.Kd5 Rxb3 60.Nf8+ Kg8 61.Ng6+ Kf7 62.Ne5+ Kf6 63.Rf8+ Kg5 64.Rg8 Kh5
65.Kc4 Rg3 66.Rd8 Bb4 67.Rd5 g5 68.Rb5 Rc3+ 69.Kd4 Rc7 70.Ke4 Bc3 71.Nd3 Re7+
72.Kf3 Kh4 73.Rc5 Bd4  0-1

[Event "11th Josipa Ipavca Mem"]
[Site "Sentjur SLO"]
[Date "2011.09.16"]
[Round "3.14"]
[White "Hrenic,M"]
[Black "Skuhala,B"]
[Result "1-0"]
[WhiteElo "2054"]
[BlackElo "1742"]

1.e4 c5 2.Nf3 d6 3.d4 cxd4 4.Nxd4 Nf6 5.Nc3 a6 6.Be3 e5 7.Nb3 Be6 8.f3 Be7
9.Qd2 O-O 10.O-O-O Qc7 11.g4 Nbd7 12.Kb1 b5 13.g5 Ne8 14.Nd5 Bxd5 15.exd5 Rc8
16.Na5 Nb8 17.h4 b4 18.Nc4 Nd7 19.Qxb4 Rb8 20.Qd2 Nc5 21.b3 Bd8 22.Qf2 Be7
23.Bxc5 dxc5 24.Qe3 Bd6 25.Bd3 a5 26.Rhe1 a4 27.Nxe5 axb3 28.cxb3 Bxe5 29.Qxe5 Nd6
30.Rc1 Qb6 31.Qc3 Rfc8 32.Ka1 Qa7 33.Qc2 c4 34.Bxc4 Nxc4 35.Re4 Ra8 36.bxc4 Rc5
37.Rce1 Kf8 38.R1e2 Ra5 39.Qb2 Rb8 40.R4e3  1-0

[Event "ch-Euro Youth b14"]
[Site "Albena BUL"]
[Date "2011.09.17"]
[Round "6.9"]
[White "Reshef,O"]
[Black "Hauge,Lars Oskar"]
[Result "1/2-1/2"]
[WhiteElo "2169"]
[BlackElo "2086"]

1.e4 c5 2.Nf3 d6 3.d4 cxd4 4.Nxd4 Nf6 5.Nc3 a6 6.Be3 e5 7.Nf3 Be7 8.Bc4 O-O
9.O-O Nc6 10.Re1 Be6 11.Nd5 b5 12.Bf1 Bxd5 13.exd5 Na5 14.a4 Nc4 15.b3 Nxe3
16.Rxe3 Qb6 17.Qd2 Rfc8 18.axb5 axb5 19.Rxa8 Rxa8 20.Rc3 Ne4 21.Qe3 Qa5 22.Rc6 f5
23.g3 g6 24.Qb6 Qxb6 25.Rxb6 Ra2 26.Rb7 Kf8 27.Bxb5 Rxc2 28.Bd3 Rc1+ 29.Kg2 Nc5
30.Rb8+ Kg7 31.Bc4 Bf6 32.Rb6 e4 33.Ng1 Be5 34.Ne2 Rc2 35.Rc6 Nxb3 36.Bxb3 Rxe2
37.Rc2 Re1 38.Ba4 g5 39.Rc7+ Kg6 40.Be8+ Kh6 41.Bd7 Kg6 42.Be8+ Kh6  1/2-1/2

[Event "ch-Euro Youth g16"]
[Site "Albena BUL"]
[Date "2011.09.17"]
[Round "6.15"]
[White "Thoma,S"]
[Black "Visanescu,D"]
[Result "0-1"]
[WhiteElo "1922"]
[BlackElo "2010"]

1.e4 c5 2.Nf3 d6 3.d4 cxd4 4.Nxd4 Nf6 5.Nc3 a6 6.Be3 Ng4 7.Bc1 Nf6 8.Be3 Ng4
9.Bc1 Nc6 10.h3 Nf6 11.Be3 g6 12.Be2 Bg7 13.O-O O-O 14.Qd2 Re8 15.Rad1 Qc7
16.f4 Na5 17.Qd3 Bd7 18.g4 e5 19.Nb3 Nxb3 20.axb3 exf4 21.Bxf4 Bb5 22.Nxb5 axb5
23.Bf3 Qc5+ 24.Be3 Qe5 25.Qxd6 Qxd6 26.Rxd6 Nxe4 27.Bxe4 Rxe4 28.Bc1 Rae8
29.c3 Bf8 30.Rd7 Re1 31.Rxf7 Bc5+  0-1

[Event "11th Josipa Ipavca Mem"]
[Site "Sentjur SLO"]
[Date "2011.09.17"]
[Round "4.7"]
[White "Nikolic,Stank"]
[Black "Plaskan,J"]
[Result "0-1"]
[WhiteElo "1972"]
[BlackElo "2108"]

1.e4 c5 2.Nf3 d6 3.d4 Nf6 4.Nc3 cxd4 5.Nxd4 a6 6.Be3 e5 7.Nb3 Be6 8.Be2 Be7
9.O-O Nbd7 10.f3 O-O 11.Qe1 Qc7 12.Rd1 b5 13.a3 Nb6 14.Qf2 Nfd7 15.Rd2 Nc4
16.Bxc4 bxc4 17.Nc1 Rab8 18.N1e2 Rxb2 19.Rfd1 Qa5 20.Nd5 Bxd5 21.Rxd5 Qa4
22.R5d2 Qxa3 23.Ng3 Rfb8 24.Nf5 Bf8 25.Qg3 Kh8 26.Bg5 Rb1 27.Be7 Qa1 28.Qe1 Bxe7
29.Nxe7 Rxd1 30.Rxd1 Qa3 31.Nf5 Qc5+ 32.Kh1 Rb6 33.Qd2 d5 34.exd5 g6 35.Ng3 Kg7
36.Ne4 Qd4 37.Qe1 Qb2 38.c3 a5 39.h4 Qc2 40.Rc1 Qb2 41.Rd1 a4 42.h5 a3 43.Qh4 gxh5
44.d6 f6 45.Qxh5 Qc2 46.Qg4+ Kh8 47.Rg1 Qa4 48.Qe6 Qa7 49.Qe8+ Kg7 50.Ng3 f5
51.Nxf5+ Kf6 52.g4 Nc5 53.Qh8+ Kg5  0-1

[Event "11th Josipa Ipavca Mem"]
[Site "Sentjur SLO"]
[Date "2011.09.18"]
[Round "6.4"]
[White "Buzeti,J"]
[Black "Plaskan,J"]
[Result "1/2-1/2"]
[WhiteElo "2301"]
[BlackElo "2108"]

1.e4 c5 2.Nf3 d6 3.d4 Nf6 4.Nc3 cxd4 5.Nxd4 a6 6.Be3 e5 7.Nb3 Be6 8.h3 Nbd7
9.g4 Nb6 10.g5 Nfd7 11.Qd2 Rc8 12.O-O-O Qc7 13.Kb1 Be7 14.f4 exf4 15.Bxf4 Ne5
16.Nd5 Bxd5 17.exd5 Ng6 18.Be3 O-O 19.h4 Ne5 20.Bxb6  1/2-1/2

[Event "ch-Euro Youth b16"]
[Site "Albena BUL"]
[Date "2011.09.19"]
[Round "8.2"]
[White "Yudin,I"]
[Black "Gabuzyan,H"]
[Result "0-1"]
[WhiteElo "2311"]
[BlackElo "2404"]

1.e4 c5 2.Nf3 d6 3.d4 cxd4 4.Nxd4 Nf6 5.Nc3 a6 6.Be3 e5 7.Nb3 Be6 8.Qd2 Nbd7
9.f4 b5 10.O-O-O Be7 11.f5 Bxb3 12.axb3 O-O 13.g4 Nxg4 14.Rg1 Nxe3 15.Qxe3 Kh8
16.Qg3 Rg8 17.Be2 Nf6 18.Qe3 Rc8 19.Rg2 Qc7 20.Bf3 Qa5 21.Kb1 Rc5 22.Rdg1 b4
23.Nd5 Nxd5 24.exd5 Qd8 25.Bh5 Qf8 26.Qd2 Bf6 27.Rg3 e4 28.Qxb4 Qe7 29.Re1 Qe5
30.c3 Qxf5 31.Bxf7 e3+ 32.Ka2 Bxc3 33.Bg6 Bxb4  0-1

[Event "ch-Euro Youth g16"]
[Site "Albena BUL"]
[Date "2011.09.20"]
[Round "9.5"]
[White "Fataliyeva,U"]
[Black "Fragkou,E"]
[Result "1-0"]
[WhiteElo "2136"]
[BlackElo "1869"]

1.e4 c5 2.Nf3 d6 3.d4 cxd4 4.Nxd4 Nf6 5.Nc3 a6 6.Be3 e5 7.Nb3 Be6 8.Be2 Be7
9.Nd5 Nbd7 10.Qd3 Bxd5 11.exd5 Nc5 12.Nxc5 dxc5 13.O-O-O Bd6 14.g4 Qe7 15.g5 Nd7
16.Qe4 b5 17.c4 bxc4 18.Bxc4 Rb8 19.Rd2 O-O 20.Rg1 f5 21.gxf6 Nxf6 22.Qf5 Rb4
23.Rc2 Kh8 24.Qe6 Qc7 25.a3 Rb6 26.Bd2 Rbb8 27.Ba2 e4 28.Kb1 Rfe8 29.Ba5 Qxa5
30.Qxd6 Qxa3 31.Qc7 Nh5 32.d6 Qf3 33.Bf7 Rg8 34.Bxg8 Rxg8 35.d7 Qf6 36.Rd1  1-0

[Event "Campomanes Mem GM"]
[Site "Yangon MYA"]
[Date "2011.09.24"]
[Round "4"]
[White "Nguyen Van Hai"]
[Black "Bui Vinh"]
[Result "1-0"]
[WhiteElo "2240"]
[BlackElo "2458"]

1.e4 c5 2.Nf3 Nf6 3.Nc3 d6 4.d4 cxd4 5.Nxd4 a6 6.Be3 e5 7.Nb3 Be6 8.f3 Nbd7
9.Qd2 Be7 10.O-O-O Qc7 11.g4 Nb6 12.Kb1 Rc8 13.g5 Nfd7 14.h4 Nc4 15.Bxc4 Qxc4
16.h5 f5 17.gxf6 Nxf6 18.Rhg1 Nxh5 19.Qh2 g6 20.f4 exf4 21.Bxf4 Nxf4 22.Qxf4 Rf8
23.Qh2 Rf7 24.Nd4 Bf8 25.Rge1 Bd7 26.e5 dxe5 27.Rxe5+ Re7 28.Nd5 Rxe5 29.Qxe5+ Kf7
30.Nb6  1-0

[Event "Tatry Open"]
[Site "Tatranske Zruby SVK"]
[Date "2011.09.25"]
[Round "1.46"]
[White "Gombar,P"]
[Black "Koci,L"]
[Result "1/2-1/2"]
[WhiteElo "2033"]
[BlackElo "1946"]

1.e4 c5 2.Nf3 d6 3.d4 cxd4 4.Nxd4 Nf6 5.Nc3 a6 6.Be3 e5 7.Nf3 Be6 8.Ng5 Qc8
9.Nxe6 Qxe6 10.Be2 Nbd7 11.O-O Be7 12.b3 Rc8 13.Bc4 Qg4 14.f3 Qg6 15.Nd5 Nxd5
16.Bxd5 Rc7 17.f4 exf4 18.Rxf4 O-O 19.Rg4 Qf6 20.Bd4 Ne5 21.Qd2 g6 22.Rg3 Qg7
23.Rf1 Bf6 24.c3 Rd7 25.Qf4 Bd8 26.h4 h5 27.Rh3 Kh7 28.Bxe5 Qxe5 29.Qxe5 dxe5
30.Rhf3 Kg7 31.g3 f6 32.c4  1/2-1/2

[Event "Tatry Open"]
[Site "Tatranske Zruby SVK"]
[Date "2011.09.25"]
[Round "1.35"]
[White "Kucera,M"]
[Black "Pastir,S"]
[Result "0-1"]
[WhiteElo "1979"]
[BlackElo "2055"]

1.e4 c5 2.Nf3 d6 3.d4 cxd4 4.Nxd4 Nf6 5.Nc3 a6 6.Be3 e6 7.Qd2 b5 8.f3 Bb7
9.O-O-O Nbd7 10.g4 h6 11.h4 b4 12.Na4 Qa5 13.b3 Rc8 14.Kb1 Nc5 15.Nxc5 dxc5
16.Ne2 Be7 17.c4 Rd8 18.Qc2 Rxd1+ 19.Qxd1 Nxe4 20.Bg2 Nf6 21.Rg1 Qd8 22.Qc1 Qa8
23.Qf1 Nd7 24.Qf2 Ne5 25.f4 Be4+ 26.Ka1 Nd3 27.Bxe4 Qxe4 28.Qg2 Qxg2 29.Rxg2 Ne1
30.Rg3 Bxh4 31.Rh3 Nc2+ 32.Kb1 Nxe3 33.Rxh4 f5 34.g5 Kf7 35.Nc1 Ng2 36.Rh2 Nxf4
37.gxh6 Rxh6 38.Rf2 g5 39.Kc2 Rh3  0-1

[Event "Tatry Open"]
[Site "Tatranske Zruby SVK"]
[Date "2011.09.27"]
[Round "3.33"]
[White "Gombar,P"]
[Black "Pastir,S"]
[Result "1/2-1/2"]
[WhiteElo "2033"]
[BlackElo "2055"]

1.e4 c5 2.Nf3 d6 3.d4 cxd4 4.Nxd4 Nf6 5.Nc3 a6 6.Be3 e6 7.Qd2 Ng4 8.Bg5 Qc7
9.h3 Ne5 10.O-O-O b5 11.Bd3 Bb7 12.f4 Nc4 13.Bxc4 Qxc4 14.Qd3 Qxd3 15.cxd3 Be7  1/2-1/2

[Event "Tatry Open"]
[Site "Tatranske Zruby SVK"]
[Date "2011.09.27"]
[Round "3.51"]
[White "Goga,F"]
[Black "Recky,N"]
[Result "0-1"]
[WhiteElo "1989"]
[BlackElo "1907"]

1.e4 c5 2.Nf3 d6 3.d4 cxd4 4.Nxd4 Nf6 5.Nc3 a6 6.Be3 e5 7.Nb3 Be6 8.f3 b5
9.Qd2 Nbd7 10.O-O-O Nb6 11.Na5 Qc7 12.Qf2 Nfd7 13.Nb3 Be7 14.g4 O-O 15.Kb1 Rfc8
16.h4 Nc4 17.Bc1 Ndb6 18.g5 Na3+ 19.bxa3 Qxc3 20.Bb2 Qc7 21.Bh3 Nc4 22.Bxe6 fxe6
23.Rd3 d5 24.exd5 exd5 25.Nc1 b4 26.axb4 Bxb4 27.Rb3 Nd2+ 28.Ka1 Nxb3+ 29.cxb3 d4
30.Nd3 Bc3 31.Rc1 Qa5 32.Qe2 Rab8 33.Qxe5 Bxb2+ 34.Kxb2 Qxe5 35.Nxe5 Rxc1
36.Kxc1 Rc8+ 37.Nc4 Rf8 38.Ne5 Rf5 39.Nc6 Rc5+  0-1

[Event "8th Highlands Open"]
[Site "Zdar nad Sazavou CZE"]
[Date "2011.09.27"]
[Round "4"]
[White "Suchomel,Ja2"]
[Black "Doskar,Miloslav"]
[Result "0-1"]
[WhiteElo "1395"]
[BlackElo "1757"]

1.e4 c5 2.Nf3 d6 3.d4 cxd4 4.Nxd4 Nf6 5.Nc3 a6 6.Be3 e6 7.f4 Qc7 8.Be2 Be7
9.Bf3 Nc6 10.Nb3 Rb8 11.Qe2 b5 12.a3 Bb7 13.g4 Na5 14.Nxa5 Qxa5 15.Qf2 Qc7
16.g5 Nd7 17.O-O Bc6 18.f5 exf5 19.exf5 Bxf3 20.Qxf3 Ne5 21.Qh5 Qc4 22.Rf4 Qc6
23.g6 fxg6 24.fxg6 h6 25.Bd4 Bg5 26.Re4 O-O 27.h4 Nf3+ 28.Kg2 Nxh4+ 29.Kh1 Nf5
30.Rg1 Nxd4 31.Rxg5 Rf4 32.Nd5 Rxe4 33.Nf6+ gxf6 34.Qxh6 Rh4+  0-1

[Event "Arab Elite Championship 2011"]
[Site "Dubai UAE"]
[Date "2011.09.28"]
[Round "5"]
[White "Eid,Fa"]
[Black "Adly,A"]
[Result "0-1"]
[WhiteElo "2381"]
[BlackElo "2605"]

1.e4 c5 2.Nf3 d6 3.d4 cxd4 4.Nxd4 Nf6 5.Nc3 a6 6.Be3 Ng4 7.Bc4 Nc6 8.O-O Nce5
9.Bb3 Nxe3 10.fxe3 e6 11.Nf3 Ng6 12.e5 d5 13.e4 Bc5+ 14.Kh1 d4 15.Ne2 O-O
16.Nexd4 Bxd4 17.Qxd4 Qxd4 18.Nxd4 Bd7 19.Rad1 Rad8 20.Nf3 Bc6 21.Rxd8 Rxd8
22.Re1 a5 23.a3 Kf8 24.Kg1 a4 25.Ba2 Ra8 26.Kf2 Ra5 27.Ke3 Nxe5 28.Nxe5 Rxe5
29.Kd4 Rh5 30.h3 Ke7 31.Re3 Rh4 32.Bc4 Kd6 33.g4 f5 34.exf5 exf5 35.Re6+ Kd7
36.Re5 g6 37.Kc5 fxg4 38.hxg4 h5 39.Be6+ Kc7 40.Rg5 Rh2 41.gxh5 Rxh5 42.Rxh5 gxh5
43.Bh3 Bd7 44.Bf1 h4 45.b3 axb3 46.cxb3 h3 47.Bxh3 Bxh3 48.a4 Bf1 49.a5 Be2
50.b4 Bf1 51.Kd5 Kb8 52.Kc5 Ka7 53.b5 Be2  0-1

[Event "Sub-Zonal 2.3.4 2011"]
[Site "Pereira COL"]
[Date "2011.09.29"]
[Round "10"]
[White "Arenas,D"]
[Black "Escobar Forero,A"]
[Result "1/2-1/2"]
[WhiteElo "2426"]
[BlackElo "2466"]

1.e4 c5 2.Nf3 d6 3.d4 cxd4 4.Nxd4 Nf6 5.Nc3 a6 6.Be3 e5 7.Nb3 Be6 8.f3 Nbd7
9.g4 Nb6 10.g5 Nfd7 11.Qd2 Be7 12.O-O-O  1/2-1/2

[Event "FSIMA Oct"]
[Site "Budapest HUN"]
[Date "2011.10.02"]
[Round "2"]
[White "Szalanczy,E"]
[Black "Atnilov,M"]
[Result "1-0"]
[WhiteElo "2347"]
[BlackElo "2037"]

1.e4 c5 2.Nf3 d6 3.d4 cxd4 4.Nxd4 Nf6 5.Nc3 a6 6.Be3 e5 7.Nde2 Nc6 8.f4 Be7
9.g3 b5 10.Bg2 Bb7 11.a4 b4 12.Nd5 Nxd5 13.exd5 Nb8 14.fxe5 dxe5 15.O-O Bd6
16.g4 O-O 17.Ng3 Nd7 18.Ne4 Nb6 19.Nc5 Bxc5 20.Bxc5 Re8 21.d6 Bxg2 22.Kxg2 Nd7
23.Bxb4 Qb6 24.c3 a5 25.Ba3 e4 26.Qd5 Nf6 27.Rxf6 gxf6 28.Re1 e3 29.g5 Qd8
30.h4 Qd7 31.Qf3 fxg5 32.hxg5 Qxa4 33.Bc5 Qe4 34.Rxe3 Qxf3+ 35.Kxf3 Rxe3+
36.Kxe3 Rb8 37.c4 f6 38.gxf6 Kf7 39.Ke4 Kxf6 40.Kd5 h5 41.d7 h4 42.Kd6 h3
43.Bg1 Kf5 44.c5 Rg8 45.Bh2 Ke4 46.c6 Rg2  1-0

[Event "ch-HUN w 2011"]
[Site "Szeged HUN"]
[Date "2011.10.03"]
[Round "7"]
[White "Domany,Z"]
[Black "Gara,T"]
[Result "1/2-1/2"]
[WhiteElo "2215"]
[BlackElo "2375"]

1.e4 c5 2.Nf3 d6 3.d4 cxd4 4.Nxd4 Nf6 5.Nc3 a6 6.Be3 e6 7.f3 b5 8.Qd2 b4
9.Na4 Nbd7 10.c4 Ne5 11.b3 Be7 12.Be2 O-O 13.O-O Bd7 14.Nb2 d5 15.exd5 exd5
16.Kh1 Re8 17.Rad1 Qa5 18.Rfe1 Bc5 19.Bg5 Be7 20.a4 Rad8 21.cxd5 Nxd5 22.Bxe7 Rxe7
23.f4 Ng6 24.Nc4 Qc5 25.f5 Ne5 26.Nxe5 Rxe5 27.Nf3 Nc3 28.Nxe5 Qxe5 29.Bc4 Qb8
30.f6 gxf6 31.Re7 Nxd1 32.Rxd7 Rxd7 33.Qxd7 Nf2+ 34.Kg1 Ne4 35.Qg4+ Ng5 36.h4 h5
37.Qxh5 Ne6 38.Qg4+ Kh8 39.Qh5+ Kg7 40.Qg4+ Kh6 41.Kh1 a5 42.Qf5 Qd8 43.Bxe6 Qd1+
44.Kh2 Qd6+ 45.Kh3 Qxe6 46.Qxe6 fxe6 47.Kg4 Kg6 48.Kf4 Kh5 49.g3 Kh6 50.Ke4 Kg6  1/2-1/2

[Event "FSGM Oct"]
[Site "Budapest HUN"]
[Date "2011.10.06"]
[Round "6"]
[White "Szabo,Krisz1"]
[Black "Arnold,Mar"]
[Result "1/2-1/2"]
[WhiteElo "2546"]
[BlackElo "2505"]

1.e4 c5 2.Nf3 d6 3.d4 cxd4 4.Nxd4 Nf6 5.Nc3 a6 6.Be3 e6 7.f3 b5 8.Qd2 Nbd7
9.g4 Nb6 10.a4 Nc4 11.Bxc4 bxc4 12.a5 Qc7 13.Na4 Rb8 14.Nb6 Nd7 15.Ne2 Be7
16.O-O-O O-O 17.g5 Nxb6 18.axb6 Qc6 19.Rhg1 Rd8 20.Qa5  1/2-1/2

[Event "World Amateur Chess Championship"]
[Site "Antalya TUR"]
[Date "2011.10.07"]
[Round "6"]
[White "Akshat,Chandra"]
[Black "Ozdemir,T"]
[Result "0-1"]
[WhiteElo "1995"]
[BlackElo "1956"]

1.e4 c5 2.Nf3 d6 3.d4 cxd4 4.Nxd4 Nf6 5.Nc3 a6 6.Be3 e6 7.g4 Qc7 8.g5 Nfd7
9.Qd2 b5 10.O-O-O Nb6 11.Bd3 N8d7 12.h4 Bb7 13.h5 Nc5 14.f3 b4 15.Nce2 d5
16.Nb3 O-O-O 17.Nxc5 Bxc5 18.Bxc5 Qxc5 19.Qf4 dxe4 20.fxe4 Rd7 21.Kb1 Rhd8
22.Nc1 Nc4 23.Nb3 Qe5 24.Qxe5 Nxe5 25.Nc5 Rd4 26.Kc1 R8d6 27.Be2 Kc7 28.Rxd4 Rxd4
29.Nxa6+ Kb6 30.c3 bxc3 31.bxc3 Rxe4 32.Nb4 Rxb4 33.cxb4 Bxh1 34.a4 Bf3 35.a5+ Kb7
36.Bf1 Nc6 37.a6+ Kb6 38.b5 Na7 39.h6 gxh6 40.gxh6 Be4 41.Kd2 Nxb5 42.Ke3 Nd6
43.Kd4 Bg6 44.Ke5 Nf5 45.Kf6 Nxh6  0-1

[Event "World Amateur Chess Championship"]
[Site "Antalya TUR"]
[Date "2011.10.07"]
[Round "6"]
[White "Bayona,K"]
[Black "Kulles,Gurel"]
[Result "1-0"]
[WhiteElo "1802"]
[BlackElo "1712"]

1.e4 c5 2.Nf3 a6 3.d4 cxd4 4.Nxd4 Nf6 5.Nc3 d6 6.Be3 Ng4 7.Qf3 Ne5 8.Qg3 h5
9.f3 b5 10.O-O-O g6 11.Kb1 Bg7 12.Nf5 Bf6 13.Nd4 Bb7 14.h3 e6 15.Qf2 Nbc6
16.f4 Nc4 17.Bxc4 bxc4 18.Nxc6 Bxc6 19.e5 Bh4 20.Qe2 d5 21.g4 Be7 22.Rhf1 Qa5
23.f5 Rb8 24.Bd4 Bb4 25.Ka1 hxg4 26.fxe6 fxe6 27.Qxg4 Be7 28.Qxe6 Bd7 29.Qxg6+ Kd8
30.e6 Be8 31.Qg3 Qb4 32.Nxd5 Rxh3 33.Qc7+  1-0

[Event "TCh-ISL Div1 2011-12"]
[Site "Reykjavik ISL"]
[Date "2011.10.08"]
[Round "2.2"]
[White "Karlsson,B"]
[Black "Gretarsson,A"]
[Result "1/2-1/2"]
[WhiteElo "2231"]
[BlackElo "2317"]

1.e4 c5 2.Nf3 d6 3.d4 cxd4 4.Nxd4 Nf6 5.Nc3 a6 6.Be3 e5 7.Nf3 Qc7 8.a4 Be7
9.a5 Be6 10.Be2 Nbd7 11.Ng5 Bc4 12.Bxc4 Qxc4 13.Ra4 Qc6 14.Qd3 Rc8 15.h3 O-O
16.O-O Rfd8 17.Raa1 Nf8 18.Rfd1 Rd7 19.Nf3 h6 20.Ne1 Qc4 21.Ra4 Qxd3 22.Rxd3 Bd8
23.Nd5 Nxd5 24.Rxd5 Bg5 25.Bb6 Bd8 26.Be3 Bg5 27.Bb6 Bd8 28.Be3  1/2-1/2

[Event "TCh-MNE 1st League"]
[Site "Tivat MNE"]
[Date "2011.10.08"]
[Round "1.4"]
[White "Draskovic,L"]
[Black "Tadic,Br"]
[Result "0-1"]
[WhiteElo "2153"]
[BlackElo "2486"]

1.e4 c5 2.Nf3 d6 3.d4 cxd4 4.Nxd4 Nf6 5.Nc3 a6 6.Be3 e5 7.Nf3 Nc6 8.Bc4 Be6
9.Bb3 h6 10.O-O Rc8 11.Qd3 Na5 12.Nd5 Nxb3 13.Nxf6+ Qxf6 14.axb3 Be7 15.Nd2 Qg6
16.f3 d5 17.exd5 Qxd3 18.cxd3 Bxd5 19.Ra5 Rd8 20.Bb6 Rd7 21.Rc1 O-O 22.Rc7 Bd8  0-1

[Event "TCh-MNE 1st League"]
[Site "Tivat MNE"]
[Date "2011.10.08"]
[Round "6.4"]
[White "Pavlovic,Dej"]
[Black "Benderac,S"]
[Result "1-0"]
[WhiteElo "2430"]
[BlackElo "2332"]

1.e4 c5 2.Nf3 d6 3.d4 cxd4 4.Nxd4 Nf6 5.Nc3 a6 6.Be3 e5 7.Nb3 Be7 8.Qd2 Be6
9.O-O-O Nbd7 10.f4 Ng4 11.g3 b5 12.Bg1 Ngf6 13.Kb1 O-O 14.Be3 Rc8 15.f5 Bc4
16.g4 b4 17.Nd5 Bxd5 18.exd5 Nxg4 19.Rg1 Nxe3 20.Qxe3 Bf6 21.Bxa6 Rb8 22.Rg4 Re8
23.Rdg1 Kf8 24.Bc4 h5 25.Re4 Qb6 26.Qxb6 Rxb6 27.Be2 h4 28.Rgg4 Reb8 29.Rc4 Bd8
30.Na5 Ra8 31.Nc6 Rb5 32.Nxb4 Nb6 33.Rc6 Rba5 34.c4 Na4 35.a3 Nc5 36.Rxd6 Be7
37.Rb6 Bd8 38.Rb5 Rxb5 39.cxb5 e4 40.Na6 Nxa6 41.bxa6 e3 42.Re4 Bb6 43.d6 Rd8
44.Bb5  1-0

[Event "TCh-MNE 1st League"]
[Site "Tivat MNE"]
[Date "2011.10.08"]
[Round "7.1"]
[White "Draskovic,L"]
[Black "Krivokapic,M"]
[Result "1/2-1/2"]
[WhiteElo "2153"]
[BlackElo "2413"]

1.e4 c5 2.Nf3 d6 3.d4 cxd4 4.Nxd4 Nf6 5.Nc3 a6 6.Be3 e6 7.f3 Nbd7 8.Qd2 b5
9.g4 h6 10.O-O-O Bb7 11.h4 b4 12.Na4 Qa5 13.b3 Nc5 14.a3 Nxa4 15.axb4 Qc7
16.bxa4 d5 17.e5 Nd7 18.f4 Nb6 19.f5 Nxa4 20.fxe6 Nc3 21.exf7+ Kxf7 22.Qf2+ Kg8
23.Rd3 Bxb4 24.Qf5 Rf8 25.Qe6+ Rf7 26.Bg2 Bc8 27.Qc6 Bxg4 28.Qxc7 Rxc7 29.Kb2 Kh7
30.Ra1 a5 31.Bd2 Rb8 32.Nb3 Rbc8 33.Nd4 Ne2 34.Bxb4 axb4 35.Bxd5 Nxd4 36.Rxd4 Bf5
37.Bb3 Bxc2 38.Rxb4 Bxb3 39.Kxb3 Rc3+ 40.Kb2 Re3 41.Ra5 Re8 42.Rbb5 Rf8 43.Rd5 Rf4
44.h5 Rf5 45.e6 Rf2+ 46.Kc1 Rxe6 47.Kd1 Ree2 48.Re5 Rxe5 49.Rxe5 Rg2 50.Re3 Rg5
51.Rh3 Re5 52.Kd2 Kg8 53.Kd3 Kf7 54.Kd4 Kf6 55.Rh1 Re7 56.Rg1 Kf5 57.Kd5 Rd7+
58.Kc6 Ra7 59.Kd5 Ra5+ 60.Kd6 Kf6 61.Rf1+ Kg5 62.Rh1 Kg4 63.Ke6 Rxh5 64.Rg1+ Kf4
65.Rxg7 Ra5 66.Rb7 h5 67.Kf6 Ra6+ 68.Kg7 Ra4 69.Kh6 Kg4 70.Rg7+ Kh4 71.Rg6 Ra5
72.Rb6 Ra4 73.Rc6 Rd4 74.Ra6 Rf4 75.Rb6 Rf5 76.Rb4+ Kg3 77.Rb3+ Kg4 78.Rb4+ Rf4
79.Rxf4+ Kxf4 80.Kxh5  1/2-1/2

[Event "e2e4 High Wycombe Open"]
[Site "Uplands Park ENG"]
[Date "2011.10.08"]
[Round "3"]
[White "Rogers,Tim L"]
[Black "Bonafont,P"]
[Result "1-0"]
[WhiteElo "2027"]
[BlackElo "2094"]

1.e4 c5 2.Nf3 d6 3.d4 cxd4 4.Nxd4 Nf6 5.Nc3 a6 6.Be3 e5 7.Nb3 Be6 8.f3 Nbd7
9.Qd2 b5 10.g4 Nb6 11.Bxb6 Qxb6 12.g5 Nh5 13.Nd5 Bxd5 14.exd5 Nf4 15.O-O-O Be7
16.h4 a5 17.Kb1 a4 18.Nc1 b4 19.Ne2 Nxe2 20.Qxe2 f5 21.gxf6 Bxf6 22.Qe4 a3
23.b3 Qc5 24.Bc4 O-O-O 25.Rhg1 Kb8 26.Rg4 h5 27.Rg2 Rd7 28.Re2 Rb7 29.c3 bxc3
30.Kc2 Rc8 31.Ba6 Rb4 32.Bc4 Qa5 33.Kd3 Kb7 34.Rc2 Qc5 35.Kxc3 Ka7 36.Re2 Rb7
37.Kc2 Kb8 38.Rh2 Qb4 39.Rdd2 Rbc7 40.Kd3 Rc5 41.Rc2 Qa5 42.Rhe2 g5 43.hxg5 Bxg5
44.Rc3 Bf4 45.b4 Rxc4 46.Rxc4 Qb5 47.Rc2 h4 48.Kc3 Rxc4+ 49.Qxc4 Qxc4+ 50.Kxc4 h3
51.Re2 Kb7 52.Re1 h2 53.Kb3 Be3 54.Rh1 Bg1 55.Kxa3 Kb6 56.Kb3 Kb5 57.a4+ Kb6
58.Kc4 Ka6 59.Kd3  1-0

[Event "TCh-BEL 2011-12"]
[Site "Belgium BEL"]
[Date "2011.10.09"]
[Round "1.6"]
[White "Coenen,M"]
[Black "Spaan,N"]
[Result "0-1"]
[WhiteElo "2326"]
[BlackElo "2209"]

1.e4 c5 2.Nf3 d6 3.d4 cxd4 4.Nxd4 Nf6 5.Nc3 a6 6.Be3 e5 7.Nb3 Be7 8.f3 Be6
9.g4 d5 10.g5 d4 11.gxf6 Bxf6 12.Bf2 dxc3 13.Qxd8+ Bxd8 14.bxc3 Nd7 15.O-O-O Rc8
16.Kb2 Rc6 17.h4 Bb6 18.Be1 Ke7 19.h5 Rhc8 20.Bh3 Bxh3 21.Rxh3 Be3 22.Bh4+ f6
23.Rd3 Nb6 24.Be1 Nc4+ 25.Ka1 Bf4 26.Rh1 R6c7 27.Bf2 b6 28.Rhd1 a5 29.a4 Rb8
30.Rd5 Be3 31.Bh4 g5 32.hxg6 hxg6 33.Rh1 Ke6 34.Bg3 Rbb7 35.Rd8 Rh7 36.Re8+ Rbe7
37.Rxh7 Rxe8 38.Ka2 Rd8 39.Rc7 Nd6 40.Rg7 g5 41.Rh7 g4 42.fxg4 Nxe4 43.Bh4 Nxc3+
44.Ka3 Rc8 45.Be1 Nd5 46.Kb2 Rc4 47.g5 Bxg5 48.Rh8 Ne3 49.Rb8 Rxc2+ 50.Kb1 Rc6
51.Bxa5 bxa5 52.Nxa5 Rd6 53.Nb3 Nd5 54.a5 Be3 55.Kc2 e4 56.Kd1 f5 57.Re8+ Ne7+
58.Ke2 f4 59.Rh8 Nf5 60.Rg8 f3+ 61.Ke1 Ke5  0-1

[Event "Lichtenrader Autumn"]
[Site "Berlin GER"]
[Date "2011.10.09"]
[Round "2.13"]
[White "Priebe,J"]
[Black "Bornschein,B"]
[Result "1-0"]
[WhiteElo "2265"]
[BlackElo "2011"]

1.e4 c5 2.Nf3 d6 3.d4 cxd4 4.Nxd4 Nf6 5.Nc3 a6 6.Be3 e5 7.Nb3 Be6 8.f3 b5
9.Qd2 Be7 10.a4 b4 11.Nd5 Bxd5 12.exd5 Nbd7 13.a5 Qc7 14.Be2 O-O 15.O-O Rfc8
16.Rac1 Qb7 17.Rfd1 Bf8 18.g4 Nc5 19.Nxc5 dxc5 20.c4 bxc3 21.bxc3 c4 22.Kg2 Qd7
23.Rb1 e4 24.h3 exf3+ 25.Bxf3 Rab8 26.Bb6 Re8 27.Qd4 Qa4 28.Ra1 Qb3 29.d6 Nd7
30.Bc7 Rb5 31.Qd2 Rbe5 32.Rdb1 Qxb1 33.Rxb1 Re3 34.Bc6 Re2+ 35.Qxe2 Rxe2+
36.Kf3 Ne5+ 37.Kxe2 Nxc6 38.d7 Be7 39.d8=Q+ Nxd8 40.Bxd8  1-0

[Event "11th Winterthur Open"]
[Site "Winterthur SUI"]
[Date "2011.10.12"]
[Round "4"]
[White "Duport,N SUI"]
[Black "Gaehwiler,G"]
[Result "0-1"]
[WhiteElo "2220"]
[BlackElo "2205"]

1.e4 c5 2.Nf3 d6 3.d4 cxd4 4.Nxd4 Nf6 5.Nc3 a6 6.Be3 e5 7.Nb3 Be6 8.f3 Be7
9.Qd2 O-O 10.O-O-O a5 11.a4 Nc6 12.g4 Nb4 13.g5 Ne8 14.Rg1 d5 15.exd5 Bf5
16.Na1 Nd6 17.Kb1 Rc8 18.Rc1 Qd7 19.Be2 Rfe8 20.Rgd1 g6 21.Bb6 Bxg5 22.Qxg5 Rxc3
23.bxc3 Qxa4 24.cxb4 axb4 25.Bd8 b3 26.Kb2 Qa2+ 27.Kc3 b2 28.Nb3 b1=N+ 29.Rxb1 Qxc2+
30.Kb4 Qxe2 31.Rbc1 Bc2 32.Rxc2 Qxd1 33.Rc1 Qd3 34.Rc5 b6 35.Rc3 Qxd5 36.Bf6 Qb5+
37.Ka3 Qe2 38.Qd2 Nb5+ 39.Kb4 Nxc3 40.Qxc3 Qxh2 41.Nd2 Qf2 42.Ne4 Qd4+ 43.Qxd4 exd4
44.Bxd4 Re6 45.Kc4 h5 46.Kd5 h4 47.Ng5 Re2 48.Bxb6 f6 49.Ne4 h3 50.Nxf6+ Kf7
51.Ng4 h2 52.Nxh2 Rxh2 53.Ke5 Rh4 54.Bd8 Rb4 55.f4 Rb5+ 56.Kd6 Ke8 57.Bg5 Rb6+
58.Ke5 Kd7 59.Bh6 Ke7 60.Bg5+ Kf7 61.Bh4 Re6+ 62.Kd5 Ra6 63.Ke5 Ke8 64.Bg5 Kd7
65.Bh6 Re6+ 66.Kd5 Rd6+ 67.Ke5 Re6+ 68.Kd5 Re2 69.Bg5 Kc7 70.Bh6 Re8 71.Bg5 Kb6
72.Kd6 Kb5 73.Kd5 Kb4 74.Kd4 Kb3 75.Kd3 Rf8 76.Bh6 Rd8+ 77.Ke4 Kc4 78.Ke5 Rh8
79.Bg5 Rf8 80.Bh6 Rf7 81.Ke4 Re7+ 82.Kf3 Re1 83.Bg5 Kd5 84.Bh6 Ke6 85.Kg4 Rg1+
86.Kf3 Kf5 87.Bg5 Rb1 88.Bh6 Rb3+ 89.Kf2 Kg4 90.Bg5 Rf3+ 91.Kg2 Rxf4 92.Bxf4 Kxf4
93.Kh3 g5 94.Kh2 Kf3 95.Kh3 g4+ 96.Kh2 Kf2 97.Kh1 Kg3 98.Kg1 Kh3  0-1